| Tag |
First Indicator |
Second Indicator |
Subfields |
| LEADER |
00000cam a2200000 a 4500 |
| 001 |
in00000078793 |
| 005 |
20151008053927.0 |
| 008 |
810909s1981 mdua b 10010 eng |
| 010 |
|
|
|a 80068383
|
| 035 |
|
|
|a (OCoLC)07578290
|
| 035 |
|
|
|9 AAH9086AM
|
| 039 |
0 |
|
|a 2
|b 3
|c 3
|d 3
|e 3
|
| 040 |
|
|
|a DLC
|c DLC
|d CHS
|d TXA
|d UtOrBLW
|
| 049 |
|
|
|a TXAM
|c [800392]
|
| 050 |
0 |
0 |
|a SH151
|b .B54 1979
|
| 111 |
2 |
|
|a Bio-Engineering Symposium for Fish Culture
|d (1979 :
|c Traverse City, Mich.)
|
| 245 |
1 |
0 |
|a Proceedings of the Bio-Engineering Symposium for Fish Culture /
|c edited by Lochie Jo Allen and Edward C. Kinney.
|
| 264 |
|
1 |
|a Bethesda, Md. :
|b Fish Culture Section of the American Fisheries Society ;
|a [Place of publication not identified] :
|b Northeast Society of Conservation Engineers,
|c [1981]
|
| 264 |
|
4 |
|c ©1981
|
| 300 |
|
|
|a x, 307 pages :
|b illustrations ;
|c 26 cm.
|
| 336 |
|
|
|a text
|b txt
|2 rdacontent
|
| 337 |
|
|
|a unmediated
|b n
|2 rdamedia
|
| 338 |
|
|
|a volume
|b nc
|2 rdacarrier
|
| 490 |
1 |
|
|a FCS publ. ;
|v 1
|
| 500 |
|
|
|a Spine title: Bio-engineering symposium.
|
| 500 |
|
|
|a Sponsored by the Fish Culture Section of the American Fisheries Society.
|
| 504 |
|
|
|a Includes bibliographies.
|
| 650 |
|
0 |
|a Fish culture
|v Congresses.
|
| 650 |
|
0 |
|a Fish hatcheries
|x Design and construction
|x Congresses.
|
| 650 |
|
2 |
|a Fishes
|x congresses.
|
| 650 |
|
2 |
|a Fisheries
|x congresses.
|
| 650 |
|
2 |
|a Breeding
|x congresses.
|
| 700 |
1 |
|
|a Allen, Lochie Jo.
|
| 700 |
1 |
|
|a Kinney, Edward C.
|
| 710 |
2 |
|
|a American Fisheries Society.
|b Fish Culture Section.
|
| 740 |
0 |
|
|a Bio-engineering symposium.
|
| 830 |
|
0 |
|a FCS publ. ;
|v 1.
|
| 999 |
|
|
|a MARS
|
| 999 |
f |
f |
|s 919e4b29-ba6b-37af-ab1f-460039c5f975
|i 752fdbaa-2192-3d73-87ef-fd886fbe300e
|t 0
|
| 952 |
f |
f |
|p ric
|a Texas A&M University
|b Rellis Campus
|c Joint Library Facility
|d Remote Storage
|t 0
|e SH151 .B54 1979
|h Library of Congress classification
|i unmediated -- volume
|m A14806238860
|
| 998 |
f |
f |
|a SH151 .B54 1979
|t 0
|l Remote Storage
|